|
|
|
|
| LEADER |
01071nam a2200289 a 4500 |
| 001 |
013800849 |
| 008 |
101219s2007 enka 001 0 eng d |
| 999 |
|
|
|c 10279
|d 10279
|
| 020 |
|
|
|a 9781856695282 (pbk.)
|
| 020 |
|
|
|a 185669528X (pbk.)
|
| 040 |
|
|
|a StDuBDS
|b eng
|c StDuBDS
|d UkCU
|d BWK
|d Uk
|d BD-DhAAL
|
| 082 |
0 |
4 |
|a 741.6
|2 22
|
| 100 |
1 |
|
|a Evamy, Michael
|9 32195
|
| 245 |
1 |
0 |
|a Logo /
|c Michael Evamy.
|
| 260 |
|
|
|a London :
|b Laurence King Publishing,
|c 2007.
|
| 300 |
|
|
|a 352 p. :
|b ill. (some col.) ;
|c 25 cm.
|
| 500 |
|
|
|a Includes index.
|
| 500 |
|
|
|a Formerly CIP.
|5 UK
|
| 526 |
|
|
|a ARC
|
| 541 |
1 |
|
|e 00021645
|
| 650 |
|
0 |
|a Logos (Symbols)
|9 32196
|
| 650 |
|
0 |
|a Logos (Symbols)
|v Pictorial works.
|9 32197
|
| 650 |
|
0 |
|a Trademarks
|x Design.
|9 32198
|
| 650 |
|
0 |
|a Trademarks
|v Pictorial works.
|9 32199
|
| 852 |
4 |
|
|a Ayesha Abed library
|c General Shelf.
|
| 942 |
0 |
0 |
|0 2
|2 ddc
|c BK
|
| 952 |
|
|
|0 0
|1 0
|2 ddc
|4 0
|6 741_600000000000000_EVA
|7 0
|9 13731
|a BRACUL
|b BRACUL
|c GEN
|d 2011-01-02
|e Zeenat Book Supply Ltd.
|g 2925.00
|l 24
|m 109
|o 741.6 EVA
|p 3010021645
|r 2025-07-07
|s 2025-06-25
|t 1
|w 2011-01-02
|y BK
|